Kapas

Bibliographic Details
Format: Book
Published: Kuala Lumpur : Penerbitan KAMI , 1983
Subjects:

MARC

LEADER 00000cam a2200000 7i4500
001 0000007201
002 000007746
005 20000330.0
020 |a T000000607 
090 0 0 |a J 338   |b BAC 
245 1 0 |a Kapas 
260 |a Kuala Lumpur :   |b Penerbitan KAMI ,   |c 1983 
300 |a 25p. :   |b ill. ;   |c 18cm. 
650 0 0 |a Cotton   |x Juvenile literature 
999 |a 0006238   |b BUKU   |c PINJAMAN   |e PERPUSTAKAAN KOMUNITI PETALING JAYA